LDR 00870nam a2200253 4500 001 000000366965 003 CaOOAMICUS 005 20260326114239.0 008 260323s1988 it 000 u mul r 040 $aSeMil$bita 100 1 $aMacchi, Lidia.$0(OLS)http://semarc/name/73615 245 10$aPoesie /$cLidia Macchi. 246 01$aPoems 264 1$aVarese :$bFondazione Lidia Macchi,$c1988. 300 $a195 p. ;$c20 cm 546 $aTesto inglese a fronte 850 $aSeMil 852 $aSeMil$W1$xVenegono$y1$m1A I 174$j269079$B257707$CSeMilBibl$Z2$F257707 $81 941 1 $a7 961 $aOmaggio mons. Mario Delpini 996 $6246$aPoems$9(OLS)http://semarc/title/120016 996 $6245$aPoesie$9(OLS)http://semarc/title/2285 996 $6264$aVarese :$bFondazione Lidia Macchi$9(OLS)http://semarc/publisher/51901